Sentir con los padres: las lecturas patrísticas y hagiográficas de la liturgia de las horas con glosas y comentarios
Αποθηκεύτηκε σε:
| Κύριος συγγραφέας: | |
|---|---|
| Μορφή: | Βιβλίο |
| Γλώσσα: | Ισπανικά |
| Έκδοση: |
Barcelona
Regina
1998
|
| Έκδοση: | 1a. ed |
| Θέματα: | |
| Ετικέτες: |
Προσθήκη ετικέτας
Δεν υπάρχουν, Καταχωρήστε ετικέτα πρώτοι!
|
MARC
| LEADER | 00000cam a2200000 a 4500 | ||
|---|---|---|---|
| 001 | UCC6403 | ||
| 003 | CL-VaPUC | ||
| 008 | 181207e19980000sp |||||||||||||||||spa|d | ||
| 020 | |a 8471294796v.1 | ||
| 020 | |a 8471295016v.2 | ||
| 082 | 0 | 4 | |a 270 |b ARO |2 21 |
| 100 | 0 | |a Arocena Solano, Félix María |e author |9 600837 | |
| 245 | 1 | 0 | |a Sentir con los padres: las lecturas patrísticas y hagiográficas de la liturgia de las horas con glosas y comentarios |
| 250 | |a 1a. ed | ||
| 300 | |a 2 v | ||
| 942 | |c BK | ||
| 945 | |d 20181207 13:37:00 |a dcastane | ||
| 260 | |a Barcelona |b Regina |c 1998 | ||
| 500 | |a v.1: Tiempo de Adviento. Tiempo de Navidad. Tiempo Ordinario. Tiempo de Cuaresma Semana Santa. Santo Triduo Pascual. Tiempo Pascual | ||
| 500 | |a v.2: Tiempo Ordinario. Solemnidades y Fiestas del Señor durante el Tiempo Ordinario. Propio de los Santos | ||
| 650 | 0 | |a Historia de la iglesia |9 257565 | |
| 650 | 0 | |a Padres de la Iglesia |9 313352 | |
| 650 | 0 | |a Patrología |9 349346 | |
| 650 | 0 | |a Hagiografías |9 517459 | |
| 583 | |a last modification |c 20181207 13:37:00 |k Rodrigo Vera | ||
| 999 | |c 373351 |d 373349 | ||
| 952 | |0 0 |1 0 |3 erd |4 0 |6 270_000000000000000_ARO_1998 |7 0 |8 A |9 491421 |a BIBTEO |b BIBTEO |e Precht Pizarro, Jorge Enrique |h v.1 |i 5520185 |o 270 ARO 1998 |p 5520185 |r 2025-01-17 |w 2019-11-24 |y BK |z Catalogado en:20181207 |k ICR | ||
| 952 | |0 0 |1 0 |3 erd |4 0 |6 270_000000000000000_ARO_1998 |7 0 |8 A |9 491422 |a BIBTEO |b BIBTEO |e Precht Pizarro, Jorge Enrique |h v.2 |i 552024K |o 270 ARO 1998 |p 552024K |r 2025-01-17 |w 2019-11-24 |y BK |z Catalogado en:20181207 |k ICR | ||